|
|
|
|
| LEADER |
01364ca a2200325 4500 |
| 001 |
000030588 |
| 003 |
4191 |
| 005 |
20151113000000.0 |
| 008 |
151001s2003 000 eng |
| 020 |
|
|
|a 0631161430
|
| 041 |
|
|
|a eng
|
| 082 |
|
|
|a 420.5
|b SP-A
|
| 100 |
|
|
|a Spencer, Andrew
|
| 245 |
|
|
|a Morphological Theory: An Introduction to Word Structure in Generative Grammar (Blackwell Textbooks in Linguistics) Morphological Theory: An Introduction to Word Structure in Generative Grammar (Blackwell Textbooks in Linguistics)
|c Andrew Spencer
|
| 260 |
|
|
|a Oxford University Press
|c 2003
|
| 300 |
|
|
|a 512p. : ill ; 25cm
|
| 650 |
|
|
|a Morphological Theory: An Introduction to Word Structure in Generative Grammar (Blackwell Textbooks in Linguistics), Morphological,Andrew Spencer,2003
|
| 852 |
|
|
|b Chuyên đề
|c Tiếng Anh tham khảo 1
|
| OWN |
|
|
|a LNN
|
| AVA |
|
|
|a UDN50
|b LNN
|d 420.5 SP-A
|e available
|t Error 5001 Not defined in file expand_doc_bib_avail.
|f 1
|g 0
|h N
|i 0
|k 1
|
| 999 |
|
|
|a From the UDN01
|
| AVA |
|
|
|a UDN50
|b LNN
|d 420.5 SP-A
|e available
|t Error 5001 Not defined in file expand_doc_bib_avail.
|f 1
|g 0
|h N
|i 0
|k 1
|
| TYP |
|
|
|a Printed language
|
| 980 |
|
|
|a Mạng thư viện Đại học Đà Nẵng
|